000 00729nam a2200277Ia 4500
005 20260324132500.0
008 008 260324s9999 xx 000 0 eng d
020 _a9781410610287
037 _aEBOOK
040 _aCRL
040 _beng
040 _cCRL
041 _2eng
041 _aeng
084 _qCRL
100 _aTo thi Dien; Teresa L. McCarty; Lucille J. Watahomigie; Bertha Perez; Mar”a E. Torres-Guzman
_91189447
245 0 _aSociocultural Contexts of Language and Literacy
260 _bTaylor and Francis
260 _c2004
365 _a
365 _b300
856 _uhttp://www.taylorfrancis.com/books/9781410610287
942 _cEBOOK
999 _c1787600
_d1787600